| Tag |
First Indicator |
Second Indicator |
Subfields |
| LEADER |
00000cam a2200000 a 4500 |
| 001 |
in00000752721 |
| 005 |
20151016090301.0 |
| 007 |
he bmb||||||| |
| 008 |
890119s1987 txua bb 00000 eng d |
| 035 |
|
|
|a (OCoLC)19040675
|
| 035 |
|
|
|9 ADH2852AM
|
| 040 |
|
|
|a TXA
|c TXA
|d UtOrBLW
|
| 049 |
|
|
|a TXAI
|
| 099 |
|
|
|a fiche
|a S
|a 934
|a no. 63
|
| 245 |
0 |
0 |
|a Interim report, Mars Lander/Rover vehicle development :
|b an advanced space design project for USRA and NASA/OAST /
|c Utah State University.
|
| 264 |
|
1 |
|a Houston, Tex. :
|b Dataplex Information Services,
|c [1987?]
|
| 300 |
|
|
|a 1 microfiche :
|b negative, illustrations ;
|c 11 x 15 cm.
|
| 336 |
|
|
|a text
|b txt
|2 rdacontent
|
| 337 |
|
|
|a microform
|b h
|2 rdamedia
|
| 338 |
|
|
|a microfiche
|b he
|2 rdacarrier
|
| 490 |
1 |
|
|a [Advanced Design Program ;
|v no. 63]
|
| 500 |
|
|
|a "Fall 1986"--title page.
|
| 504 |
|
|
|a Bibliography: page 23.
|
| 500 |
|
|
|a Microform.
|
| 650 |
|
0 |
|a Roving vehicles (Astronautics)
|x Design and construction.
|
| 650 |
|
0 |
|a Space vehicles
|x Design and construction.
|
| 710 |
1 |
|
|a United States.
|b Office of Aeronautics and Space Technology.
|
| 710 |
2 |
|
|a Universities Space Research Association.
|
| 710 |
2 |
|
|a Utah State University.
|
| 740 |
0 |
2 |
|a Mars Lander/Rover vehicle development.
|
| 830 |
|
0 |
|a Advanced Design Program (Series) ;
|v no. 63.
|
| 999 |
|
|
|a MARS
|
| 999 |
f |
f |
|s a2b9477c-7221-35b4-a602-b6b28b346e5f
|i d74979fc-8c19-3e62-9363-203c6d01923d
|t 0
|
| 952 |
f |
f |
|p normal
|a Texas A&M University
|b College Station
|c Sterling C. Evans Library
|d Evans: Microforms (3rd floor)
|t 0
|e fiche S 934 no. 63
|h Other scheme
|i microform -- microfiche
|m A14821957803
|
| 998 |
f |
f |
|a fiche S 934 no. 63
|t 0
|l Evans: Microforms (3rd floor)
|